Mots composés par émojis - Statistiques

Statistiques générales
  • Ce quiz a été pris 38 fois
  • Le résultat moyen est 6 sur 27
Statistiques - réponses
Hint Réponse % Correct
🐺+🌕 Loup-garou
86%
🐟+🐱 Poisson-chat
83%
🌞+🌼 Tournesol
79%
🌧️+☀️ Arc-en-ciel
69%
🌍+🌡️ Réchauffement climatique
48%
🏫+📚 Ecole
45%
🧠+🤖 Intelligence artificielle
28%
🙍‍♂️+🔥 Pompier
28%
🚲+⚡ Vélo électrique
28%
🏠+💻 Télétravail
21%
🕰️+⚙️ Horlogerie
7%
🧊+❄️ Iceberg
7%
🌞+🔥 Canicule
3%
🎨+🧠 Créativité
3%
🔒+🌐 Cybersécurité
3%
🌬️+⚡ Energie éolienne
3%
🌊+⚡ Energie hydraulique
3%
☀️+⚡ Energie solaire
3%
🏠+🍃 Maison verte
3%
🚗+🚓 Auto-patrouille
0%
🧠+💥 Coup de génie
0%
🏛️+⚖️ Droit constitutionnel
0%
🏠+🔌 Maison connectée
0%
🌿+💊 Médecine naturelle
0%
🧠+🧬 Neurosciences
0%
📱+💳 Paiement mobile
0%
🌙+🚶 Somnambule
0%
Aucun quiz correspondant
Distribution des résultats
% des personnes avec chaque résultat
Percentile par nombre de réponses
Votre historique - résultats
Vous n’avez pas pris ce quiz